NBA Celtics all time starting roster - Statistics

General Stats
  • This quiz has been taken 33 times
  • The average score is 9 of 13
Answer Stats
Hint Answer % Correct
SF Larry Bird
94%
C Bill Russell
88%
BN Jayson Tatum
88%
BN Jaylen Brown
85%
PG Bob Cousy
76%
SG John Havlicek
76%
PF Paul Pierce
76%
BN Kevin Garnett
70%
BN Ray Allen
70%
BN Kevin McHale
64%
BN Robert Parish
58%
BN Sam Jones
45%
BN Dave Cowens
39%
No matching quizzes found
Score Distribution
Percent of People with Each Score
Percentile by Number Answered
Your Score History
You have not taken this quiz